|
|
|
|
| LEADER |
00000nab a2200000 ar4500 |
| 001 |
vtls010505001 |
| 003 |
SK-MaSNL |
| 005 |
20260304210543.0 |
| 008 |
130419c2013 xo mr|p||| |000 b|cze |
| 015 |
|
|
|a SNBRB2013/04
|
| 038 |
|
|
|a SPK
|
| 040 |
|
|
|a SPKCL
|b slo
|c AACR2
|e AACR2
|
| 041 |
0 |
|
|a cze
|b slo
|
| 044 |
|
|
|a xo
|c SK
|
| 072 |
|
7 |
|a 003
|x Systémy písania a písma
|2 konspekt
|
| 072 |
|
7 |
|a 686
|x Knihárstvo. Sklenárstvo. Kancelárske potreby
|2 konspekt
|
| 080 |
|
|
|a 003.03/.09-053.5
|2 2001
|
| 080 |
|
|
|a 686.862
|2 2001
|
| 100 |
1 |
|
|a Vodičková, Marcela
|4 ivr
|4 aut
|9 1541838
|
| 245 |
1 |
0 |
|a Prvák a jeho písacie návyky
|c Marcela Vodičková, Yveta Heyrovská
|
| 300 |
|
|
|b Fotogr.
|
| 546 |
|
|
|a Res. slov.
|
| 650 |
0 |
7 |
|a prváci
|2 snkbucl
|9 573997
|
| 650 |
0 |
7 |
|a písanie
|2 snkbucl
|9 1728
|
| 650 |
0 |
7 |
|a písacie potreby
|2 snkbucl
|9 112132
|
| 650 |
0 |
7 |
|a ergonómia
|2 snkbucl
|9 19132
|
| 655 |
|
7 |
|a rozhovory
|2 snkbucl
|9 31831
|
| 700 |
1 |
|
|a Heyrovská, Yveta
|4 ive
|4 aut
|9 1541839
|
| 773 |
0 |
|
|t Pán učiteľ
|g Roč. 5, č. 3 (2012/13), s. 13
|x 1336-7161
|
| 852 |
|
|
|a SPK
|b KIS3GCP
|
| 999 |
|
|
|c 3126549
|d 3128479
|